000 00715naa a22002417a 4500
001 BR7401345
003 BR-BrBNA
005 20240918173554.0
007 ta
008 230509b bl.||||| |||| 00| 0 por d
040 _aBR-BrBNA
_bpor
_cBiblioteca Nacional de Agricultura
041 _a(Pt)
072 _aE00
_b2120
090 _aE00 BR7401345
100 1 _aEttori, O.J.T.
245 1 _aOrganizacao das propriedades cafeeiras
260 3 _aRio de Janeiro, GB (Brasil):
_c1962.
500 _aCurso de economia cafeeira Rio de Janeiro, GB (Brasil): 1962. v. 1 p. 299-343 (BR7401345-AM)E00
650 _aCAFE
650 _aECONOMIA AGRICOLA
909 _a202404
_bLucia
_c55
_dLucia Elande
942 _cAM
_2AGRIS
999 _c305487
_d305487